000 00659nam a2200193Ia 4500
001 13654
003 GE_BSU
008 181216s||||||||xx |||||||||||||| ||und||
040 _cGE_BSU
245 _aკარიბჭე №25(267) 4-17დეკემბერი. 2014
245 _bმართლმადიდებლური ჟურნალი.
245 _cმთავარი რედაქტორი: თამარ მამაცაშვილი.
260 _aთბილისი
260 _c2014
300 _a78გვ.28სმ.
653 _aკარიბჭე.
653 _aპერიოდიკა
942 _cCR
999 _c46803
_d46803